Will Smith - Roles by Picture - Statistics

General Stats
  • This quiz has been taken 25 times
  • The average score is 6 of 32
Answer Stats
Picture Answer % Correct
Will Smith / Fresh Prince
85%
Genie / Mariner
75%
Muhammad Ali
55%
John Hancock
50%
Richard Williams
50%
Oscar
40%
Alex 'Hitch' Hitchens
35%
Deadshot
35%
Bagger Vance
25%
Mike Lowrey
25%
James Darrell Edwards III / Agent J
20%
Robert Neville
20%
Ben Thomas
10%
Captain Steven Hiller
10%
Chris Gardner
10%
Cypher Raige
10%
Daryl Ward
10%
Del Spooner
10%
James West
10%
Dr. Bennet Omalu
5%
Henry Brogan
5%
Howard Inlet
5%
Johnny
5%
Judge / Lucifer
5%
Lance Sterling
5%
Manny
5%
Nicky Spurgeon
5%
Paul
5%
Peter
5%
Robert Clayton Dean
5%
Tea Cake Walters
5%
Jackson Brogan
0%
No matching quizzes found
Score Distribution
Percent of People with Each Score
Percentile by Number Answered
Your Score History
You have not taken this quiz